Les meilleurs buteurs sur une année en Premier League - Statistiques

Statistiques générales
  • Ce quiz a été pris 112 fois
  • Le résultat moyen est 7 sur 10
Statistiques - réponses
Classement Nombre de buts Année Joueurs % Correct
6 29 buts 2023 Erling Haaland
98%
10 27 buts 2024 Erling Haaland
98%
8 28 buts 2018 Mohamed Salah
88%
1 39 buts 2017 Harry Kane
86%
9 28 buts 2016 Sergio Aguero
84%
3 34 buts 2004 Thierry Henry
82%
2 35 buts 2011 Robin van Persie
65%
7 29 buts 2019 Jamie Vardy
64%
5 29 buts 2013 Luis Suarez
41%
4 30 buts 2003 Ruud van Nistelrooy
41%
Aucun quiz correspondant
Distribution des résultats
% des personnes avec chaque résultat
Percentile par nombre de réponses
Votre historique - résultats
Vous n’avez pas pris ce quiz